| 000 | 00394caa a22001692a 4500 | ||
|---|---|---|---|
| 001 | 002650 | ||
| 003 | AR-FADEU | ||
| 008 | 311216n############xxu####################dd | ||
| 092 | _aPP(860)CAS | ||
| 245 | _bEn el Centenario de Pablo Neruda | ||
| 245 | _aCasa de las Américas | ||
| 300 | _a7-129 | ||
| 440 | _n235 | ||
| 260 | _cabr. jun. 2004 | ||
| 650 | _aNERUDA, PABLO | ||
| 942 | _cPPGR | ||
| 999 |
_c5428 _d5428 |
||